Länder der Welt in alphabetischer Reihenfolge - Statistiken

Allgemein
  • Dieses Quiz wurde 141 mal gespielt
  • Das Durchschnittsergebnis liegt bei 70 aus 196
Antwortstatistiken
Country % Korrekt
Afghanistan
94%
Ägypten
72%
Albanien
69%
Algerien
69%
Angola
69%
Aserbaidschan
69%
Andorra
67%
Antigua und Barbuda
67%
Armenien
67%
Belgien
64%
Äquatorialguinea
61%
Argentinien
61%
Australien
58%
Bahrain
58%
Bangladesch
58%
Chile
58%
Äthiopien
56%
Belize
56%
Bolivien
56%
Botswana
56%
China
56%
Brunei
53%
Burundi
53%
Costa Rica
53%
Barbados
50%
Bhutan
50%
Dänemark
50%
Deutschland
50%
Dominica
50%
Dschibuti
50%
Bahamas
47%
Belarus
47%
Benin
47%
Brasilien
47%
Bulgarien
47%
Dominikanische Republik
47%
Fidschi
47%
Finnland
47%
Zypern
47%
Demokratische Republik Kongo
44%
Elfenbeinküste
44%
El Salvador
44%
Eritrea
44%
Estland
44%
Gambia
44%
Haiti
44%
Honduras
44%
Bosnien und Herzegovina
42%
Eswatini
42%
Frankreich
42%
Griechenland
42%
Guatemala
42%
Guinea
42%
Guinea-Bissau
42%
Irland
42%
Island
42%
Italien
42%
Jemen
42%
Jordanien
42%
Laos
42%
Mali
42%
Vereinigtes Königreich
42%
Burkina Faso
39%
Föderierte Staaten von Mikronesien
39%
Gabun
39%
Georgien
39%
Ghana
39%
Grenada
39%
Guyana
39%
Irak
39%
Iran
39%
Israel
39%
Jamaika
39%
Liechtenstein
39%
Luxemburg
39%
Vereinigte Arabische Emirate
39%
Vereinigte Staaten
39%
Vietnam
39%
Zentralafrikanische Republik
39%
Ecuador
36%
Indien
36%
Indonesien
36%
Japan
36%
Kroatien
36%
Libyen
36%
Madagaskar
36%
Malediven
36%
Nauru
36%
Nordmazedonien
36%
Kambodscha
33%
Kamerun
33%
Katar
33%
Kenia
33%
Kirgisistan
33%
Kolumbien
33%
Komoren
33%
Lesotho
33%
Lettland
33%
Liberia
33%
Malawi
33%
Monaco
33%
Namibia
33%
Neuseeland
33%
Nordkorea
33%
Usbekistan
33%
Vanuatu
33%
Vatikanstadt
33%
Venezuela
33%
Kuwait
31%
Malaysia
31%
Mauretanien
31%
Mauritius
31%
Oman
31%
Polen
31%
Portugal
31%
Schweiz
31%
Ungarn
31%
Kanada
28%
Kasachstan
28%
Kuba
28%
Libanon
28%
Litauen
28%
Mosambik
28%
Myanmar
28%
Nepal
28%
Palau
28%
Ruanda
28%
Russland
28%
Seychellen
28%
Slowakei
28%
Slowenien
28%
St. Kitts und Nevis
28%
St. Lucia
28%
St. Vincent und die Grenadinen
28%
Syrien
28%
Türkei
28%
Turkmenistan
28%
Tuvalu
28%
Uruguay
28%
Kap Verde
25%
Kiribati
25%
Niederlande
25%
Norwegen
25%
Österreich
25%
Osttimor
25%
Pakistan
25%
Panama
25%
Papua-Neuguinea
25%
Paraguay
25%
Philippinen
25%
Sambia
25%
Schweden
25%
Simbabwe
25%
Singapur
25%
Somalia
25%
Spanien
25%
Sudan
25%
Südkorea
25%
Südsudan
25%
Tadschikistan
25%
Thailand
25%
Tschad
25%
Tschechien
25%
Malta
22%
Marokko
22%
Mexiko
22%
Montenegro
22%
Niger
22%
Nigeria
22%
Rumänien
22%
San Marino
22%
Senegal
22%
Südafrika
22%
Taiwan
22%
Tansania
22%
Togo
22%
Tonga
22%
Kosovo
19%
Marshallinseln
19%
Moldawien
19%
Nicaragua
19%
Peru
19%
Republik Kongo
19%
Samoa
19%
Sao Tome und Principe
19%
Serbien
19%
Sierra Leone
19%
Sri Lanka
19%
Trinidad und Tobago
19%
Tunesien
19%
Uganda
19%
Ukraine
19%
Saudi Arabien
17%
Salomonen
14%
Suriname
14%
Mongolei
11%
Keine übereinstimmenden Quizze gefunden
Verteilung der Resultate
Anzahl Personen mit jedem Resultat
Perzentil nach korrekt beantworteten Fragen
Ihre Resultats-Entwicklung
Sie haben dieses Quiz noch nicht gespielt